00723nam a2200205Ia 4500003000400000005001700004008004100021020001800062040001800080041000800098082002300106100002000129245015300149250001200302260004400314300002900358650004300387650004600430650004100476OSt20251027122838.0210716s2018 xx 000 0 und d a9781788392822 cAIMIT LIBRARY aeng a005.768321b SHAV aSharma, Vikash. aLearning scala programming : bobject oriented programming meets functional reactive to create scalable and concurrent programs /cBy Vikash Sharma. a1st ed. aMumbai :bPackt Publishing Ltd ,c2018. avii,409p. ;bPBc24.1 cm aGetting started with scala programming aGiving meaning to programs with functions aUsing powerful functional constructs